[Event "4NCL Online Division 3"]
[Site "online"]
[Date "2020.06.09"]
[Round "10.104"]
[White "Slonczuk, Pawel"]
[Black "Cox, Lucian"]
[Result "1-0"]
[WhiteElo "1660"]
[BlackElo "1051"]
[PlyCount "33"]
[EventDate "2020.06.09"]
[WhiteTeam "Wimbledon 2"]
[BlackTeam "MK Phoenix 2"]

1. d4 Nf6 2. Nc3 g6 3. Bf4 Bg7 4. e4 d6 5. Qd2 O-O 6. O-O-O c6 7. f3 b5 8. Kb1
a5 9. Bh6 b4 10. Nce2 Qb6 11. h4 Nbd7 12. Ng3 c5 13. h5 a4 14. hxg6 fxg6 15.
Bxg7 Kxg7 16. Bc4 Rh8 17. Qh6# 1-0

[Event "4NCL Online Division 3"]
[Site "online"]
[Date "2020.06.09"]
[Round "10.111"]
[White "Davies, Neil"]
[Black "Hylands, Liam M"]
[Result "1-0"]
[WhiteElo "1937"]
[BlackElo "1912"]
[PlyCount "91"]
[EventDate "2020.06.09"]
[WhiteTeam "Mushrooms 2"]
[BlackTeam "Streatham B"]

1. Nf3 Nf6 2. d4 d5 3. g3 c6 4. Bg2 a6 5. O-O Bf5 6. c4 e6 7. Nc3 h6 8. Nd2
Nbd7 9. cxd5 exd5 10. e4 dxe4 11. Ndxe4 Be7 12. Nxf6+ Nxf6 13. Qb3 Qd7 14. d5
O-O 15. dxc6 bxc6 16. Rd1 Qc8 17. Bf4 Ra7 18. Qc4 Rb7 19. b3 Bb4 20. Bd6 Bxc3
21. Qxc3 Rd8 22. Be5 Rxd1+ 23. Rxd1 Rd7 24. Rc1 Ne4 25. Bxe4 Bxe4 26. Bxg7 Rd6
27. Qb4 Qe6 28. Bb2 Qd5 29. Qc3 Qd1+ 30. Qe1 Qf3 31. Kf1 Qg2+ 32. Ke2 Bd3+ 33.
Kd2 Bf5+ 34. Kc3 Qf3+ 35. Kb4 c5+ 36. Ka3 Qc6 37. Qe5 f6 38. Qxf5 Qb5 39. Qg6+
Kf8 40. Qxh6+ Kf7 41. Qh7+ Kf8 42. Qh8+ Kf7 43. Qh7+ Kf8 44. Qh4 Qa5+ 45. Qa4
Qd2 46. Rxc5 1-0

[Event "4NCL Online Division 3"]
[Site "online"]
[Date "2020.06.09"]
[Round "10.112"]
[White "French, Angus J"]
[Black "Kennedy, Craig"]
[Result "1-0"]
[WhiteElo "1952"]
[BlackElo "1937"]
[PlyCount "53"]
[EventDate "2020.06.09"]
[WhiteTeam "Streatham B"]
[BlackTeam "Mushrooms 2"]

1. e4 e5 2. Nf3 Nc6 3. d4 exd4 4. Nxd4 Nf6 5. Nc3 Bb4 6. Nxc6 bxc6 7. Bd3 d5 8.
exd5 O-O 9. O-O Bg4 10. f3 Bh5 11. dxc6 Qd4+ 12. Kh1 Bxc3 13. bxc3 Qxc3 14. Rb1
Bg6 15. Bxg6 hxg6 16. Bg5 Qxc6 17. Bxf6 gxf6 18. Qd4 Rad8 19. Qb2 Rd2 20. Rbc1
Rfd8 21. h3 Qd6 22. Qc3 Qg3 23. Rg1 Rf2 24. Rcf1 Rfd2 25. Rc1 R8d5 26. Rce1 Rh5
27. Qxd2 1-0

[Event "4NCL Online Division 3"]
[Site "online"]
[Date "2020.06.09"]
[Round "10.113"]
[White "Nash, Richard J"]
[Black "Smith, Martin G"]
[Result "0-1"]
[WhiteElo "1937"]
[BlackElo "1945"]
[PlyCount "74"]
[EventDate "2020.06.09"]
[WhiteTeam "Mushrooms 2"]
[BlackTeam "Streatham B"]

1. d4 g6 2. c4 Bg7 3. e4 c5 4. d5 d6 5. Ne2 e6 6. Nbc3 Ne7 7. Qa4+ Nd7 8. dxe6
fxe6 9. Bg5 O-O 10. f3 Ne5 11. O-O-O a6 12. Ng3 h6 13. Be3 Qc7 14. Be2 Bd7 15.
Qc2 N5c6 16. Qd2 Nd4 17. Bxh6 Bh8 18. Bxf8 Rxf8 19. f4 b5 20. Bd3 Qa5 21. Bb1
bxc4 22. h4 Nec6 23. h5 g5 24. f5 Bf6 25. fxe6 Bxe6 26. Nd5 Qxd2+ 27. Kxd2 Be5
28. Ne2 Rf2 29. Ndc3 Bg4 30. Rde1 Bf4+ 31. Kd1 Nxe2 32. Nxe2 Nd4 33. g3 Be3 34.
h6 Nxe2 35. h7+ Kh8 36. Ref1 Nc3+ 37. Ke1 Re2# 0-1

[Event "4NCL Online Division 3"]
[Site "online"]
[Date "2020.06.09"]
[Round "10.114"]
[White "Ponting, Andrew"]
[Black "Joslin, Tim"]
[Result "1/2-1/2"]
[WhiteElo "1870"]
[BlackElo "1870"]
[PlyCount "128"]
[EventDate "2020.06.09"]
[WhiteTeam "Streatham B"]
[BlackTeam "Mushrooms 2"]

1. d4 Nf6 2. c4 e5 3. dxe5 Ng4 4. Nf3 Nc6 5. Bf4 Bb4+ 6. Nbd2 Qe7 7. a3 Bc5 8.
e3 Ngxe5 9. b4 Bd6 10. Ne4 Nxf3+ 11. Qxf3 Bxf4 12. Qxf4 d6 13. Be2 O-O 14. O-O
Re8 15. Nc3 Be6 16. Rfd1 a5 17. b5 Ne5 18. c5 Ng6 19. cxd6 Nxf4 20. dxe7 Nxe2+
21. Nxe2 Rxe7 22. Rac1 Kf8 23. Nd4 Bg4 24. f3 Bh5 25. Kf2 Bg6 26. Rc5 f6 27.
Rxc7 Rxc7 28. Ne6+ Ke7 29. Nxc7 Rc8 30. b6 Bf7 31. e4 Rd8 32. Rxd8 Kxd8 33. Nb5
Kd7 34. Nd4 g6 35. f4 Kd6 36. Ke3 Kc5 37. e5 fxe5 38. fxe5 Kxb6 39. e6 Be8 40.
Kf4 Kc5 41. Ke5 b5 42. Nb3+ Kb6 43. Kd6 a4 44. Nc5 b4 45. axb4 a3 46. Nb3 a2
47. g4 Ba4 48. Na1 Kb5 49. Kd5 Kxb4 50. Kd4 Ka3 51. Kc3 Be8 52. Nc2+ Ka4 53.
Kb2 Kb5 54. Kxa2 Kc5 55. Kb3 Kd5 56. Kc3 Kxe6 57. Kd4 Kf6 58. h4 h5 59. gxh5
gxh5 60. Ne3 Bg6 61. Kd5 Bd3 62. Kd4 Bg6 63. Kd5 Bd3 64. Kd4 Bg6 1/2-1/2

[Event "4NCL Online Division 3"]
[Site "online"]
[Date "2020.06.09"]
[Round "10.121"]
[White "Dharmasena, Gavith"]
[Black "Zabrocki, Philip"]
[Result "1-0"]
[WhiteElo "1915"]
[BlackElo "1997"]
[PlyCount "55"]
[EventDate "2020.06.09"]
[WhiteTeam "Poisoned Pawns"]
[BlackTeam "Shropshire 2"]

1. e4 e6 2. d4 d5 3. Nc3 Bb4 4. exd5 exd5 5. Bd3 Nc6 6. Nge2 Nge7 7. O-O Bf5 8.
Bxf5 Nxf5 9. Nf4 Nce7 10. Nd3 Bxc3 11. bxc3 O-O 12. Ba3 Nd6 13. Qh5 g6 14. Qf3
Ne4 15. Rfe1 Re8 16. c4 c6 17. g4 f5 18. Ne5 Rf8 19. cxd5 cxd5 20. Qb3 Nd6 21.
g5 b6 22. Qb4 Nec8 23. h4 a5 24. Qb3 Ne7 25. Rab1 f4 26. Ng4 Kg7 27. Bxd6 Qxd6
28. Qxb6 1-0

[Event "4NCL Online Division 3"]
[Site "online"]
[Date "2020.06.09"]
[Round "10.122"]
[White "Archer, Richard"]
[Black "Volovich, Julia"]
[Result "1-0"]
[WhiteElo "1997"]
[BlackElo "1930"]
[PlyCount "185"]
[EventDate "2020.06.09"]
[WhiteTeam "Shropshire 2"]
[BlackTeam "Poisoned Pawns"]

1. e4 e6 2. d4 d5 3. Nd2 Be7 4. Bd3 c5 5. c3 cxd4 6. cxd4 dxe4 7. Nxe4 Nf6 8.
Nf3 Nc6 9. O-O O-O 10. Be3 Nb4 11. Bb1 Nbd5 12. Re1 a5 13. Ne5 a4 14. a3 Qb6
15. Bc1 Nxe4 16. Bxe4 Qb5 17. Qf3 Qb6 18. Rd1 Nf6 19. Bd3 Bd7 20. Be3 Qd6 21.
Qxb7 Rab8 22. Qf3 Nd5 23. Bd2 Bb5 24. Be4 f5 25. Bxd5 Qxd5 26. Qxd5 exd5 27. f4
Rfc8 28. Bc3 Rb7 29. Kf2 h6 30. Re1 g5 31. Nf3 Kf7 32. g3 Bf6 33. Re3 Re7 34.
Rxe7+ Bxe7 35. h3 Bf6 36. Re1 Bd3 37. Ne5+ Bxe5 38. dxe5 Ke6 39. Rd1 Be4 40.
Rd4 Rc4 41. Ke3 gxf4+ 42. gxf4 Bg2 43. h4 h5 44. Rxc4 dxc4 45. Kd4 Bf3 46. Kxc4
Bd5+ 47. Kb5 Bb3 48. Kc6 Bd5+ 49. Kc7 Ke7 50. Bb4+ Ke6 51. Bc3 Ke7 52. Kb6 Bb3
53. Kc5 Ke6 54. Kc6 Bd5+ 55. Kc5 Bb3 56. Bd4 Kd7 57. Kb6 Bc2 58. b4 axb3 59.
Bb2 Bd1 60. a4 Bf3 61. a5 Bg2 62. a6 Be4 63. Ba3 Bd5 64. Kc5 Bg2 65. Bb2 Bf3
66. Kb4 Bd5 67. Ba3 Kc6 68. Ka5 Kd7 69. Kb6 Bg2 70. Ka7 Kc7 71. e6 Bd5 72. e7
Bc6 73. Bb2 Kd7 74. Kb6 Be4 75. Bf6 Bf3 76. Ka7 Bc6 77. Kb8 Ke6 78. Be5 Kxe7
79. a7 Ke6 80. a8=Q Bxa8 81. Kxa8 Kd5 82. Kb7 Ke4 83. Kc6 Kf3 84. Kd5 Kg4 85.
Ke6 b2 86. Bxb2 Kxf4 87. Bc3 Kg4 88. Be1 f4 89. Kf6 Kf3 90. Kg5 Ke3 91. Kxh5 f3
92. Kg4 Ke2 93. Bg3 1-0

[Event "4NCL Online Division 3"]
[Site "online"]
[Date "2020.06.09"]
[Round "10.123"]
[White "Srivastava, Arnav"]
[Black "Gostelow, David W"]
[Result "1/2-1/2"]
[WhiteElo "1960"]
[BlackElo "1990"]
[PlyCount "74"]
[EventDate "2020.06.09"]
[WhiteTeam "Poisoned Pawns"]
[BlackTeam "Shropshire 2"]

1. d4 d5 2. c4 c6 3. Nc3 Nf6 4. Bg5 Nbd7 5. Nf3 e6 6. e3 Be7 7. cxd5 exd5 8.
Bd3 O-O 9. O-O Re8 10. Qc2 Ne4 11. Bxe4 dxe4 12. Nxe4 h6 13. Bxe7 Qxe7 14. Ng3
Nf6 15. Rfe1 Bg4 16. Ne5 Rad8 17. f3 Bc8 18. Rad1 c5 19. f4 cxd4 20. exd4 Be6
21. f5 Bd5 22. Ng4 Qd6 23. Nxf6+ Qxf6 24. Rxe8+ Rxe8 25. Qc5 Bxa2 26. d5 Bb3
27. Rd2 Re1+ 28. Kf2 Rb1 29. d6 Rxb2 30. Qe3 Ba4 31. Qe2 Bb5 32. Qe3 Rxd2+ 33.
Qxd2 Bd7 34. Qd5 Bc6 35. Qd2 Bd7 36. Qd5 Bc6 37. Qd2 Bd7 1/2-1/2

[Event "4NCL Online Division 3"]
[Site "online"]
[Date "2020.06.09"]
[Round "10.124"]
[White "Ilesanmi, Olusegun"]
[Black "Dharmasena, Kian"]
[Result "1-0"]
[WhiteElo "1907"]
[BlackElo "1825"]
[PlyCount "70"]
[EventDate "2020.06.09"]
[WhiteTeam "Shropshire 2"]
[BlackTeam "Poisoned Pawns"]

1. e4 e5 2. Nf3 Nc6 3. Bb5 Nf6 4. O-O d6 5. d4 a6 6. Bxc6+ bxc6 7. Re1 Bg4 8.
dxe5 Bxf3 9. Qxf3 dxe5 10. Qc3 Qd6 11. Na3 Nd7 12. Be3 Be7 13. Nc4 Qe6 14. Na5
c5 15. b3 O-O 16. Rad1 Rab8 17. Qc4 Nf6 18. Qxe6 fxe6 19. Nc6 Rbe8 20. Nxe7+
Rxe7 21. Bxc5 Rd7 22. Rxd7 Nxd7 23. Bxf8 Kxf8 24. b4 Ke7 25. Re3 Nb8 26. Rh3 h6
27. Rc3 Kd6 28. Rg3 Nc6 29. c3 Na7 30. Rxg7 Nb5 31. Rg3 c5 32. a4 Na7 33. bxc5+
Kxc5 34. Rg6 Nc6 35. Rxe6 Nb8 1-0

[Event "4NCL Online Division 3"]
[Site "online"]
[Date "2020.06.09"]
[Round "10.141"]
[White "Adams, Mark"]
[Black "Porter, Sam J"]
[Result "1-0"]
[WhiteElo "1944"]
[BlackElo "1975"]
[PlyCount "86"]
[EventDate "2020.06.09"]
[WhiteTeam "The Full Ponty"]
[BlackTeam "3 Smarties 1 Tube"]

1. e4 c5 2. Nf3 d6 3. d4 cxd4 4. Nxd4 Nf6 5. Nc3 a6 6. h3 e6 7. g4 Be7 8. g5
Nfd7 9. h4 b5 10. a3 Bb7 11. Be3 Qc7 12. Qd2 Ne5 13. O-O-O Nbd7 14. f4 Nc4 15.
Bxc4 Qxc4 16. Rhe1 Rc8 17. Nb3 b4 18. axb4 Qxb4 19. Kb1 a5 20. Qe2 Bxe4 21. Rd4
Qxb3 22. Nxe4 Qb8 23. f5 d5 24. fxe6 fxe6 25. Bf4 Qb6 26. Nd6+ Kd8 27. Qxe6
Bxd6 28. Bxd6 Rc6 29. Qxd5 Kc8 30. Rc4 Rxc4 31. Qxc4+ Kb7 32. Qd5+ Ka6 33. Bh2
Nc5 34. Re5 Rb8 35. Qc4+ Ka7 36. Qxc5 Ka6 37. Qxb6+ Rxb6 38. Re7 Kb5 39. Rxg7
h6 40. g6 Re6 41. Rg8 Re1+ 42. Ka2 Re2 43. Bf4 Rxc2 1-0

[Event "4NCL Online Division 3"]
[Site "online"]
[Date "2020.06.09"]
[Round "10.142"]
[White "Hookham, Jamie"]
[Black "Fletcher, John"]
[Result "1-0"]
[WhiteElo "2029"]
[BlackElo "1994"]
[PlyCount "79"]
[EventDate "2020.06.09"]
[WhiteTeam "3 Smarties 1 Tube"]
[BlackTeam "The Full Ponty"]

1. e4 c5 2. d4 cxd4 3. c3 d5 4. exd5 Qxd5 5. cxd4 Nc6 6. Nf3 Bg4 7. Nc3 Bxf3 8.
Nxd5 Bxd1 9. Nc7+ Kd7 10. Nxa8 Bh5 11. d5 Nd4 12. Be3 Nc2+ 13. Kd2 Nxe3 14.
Bb5+ Kd8 15. Kxe3 e5 16. dxe6 Bc5+ 17. Kd3 fxe6 18. Rac1 Bd6 19. Rc4 Nf6 20.
Rhc1 Ke7 21. Rc8 Rxc8 22. Rxc8 Nd5 23. g3 g5 24. Bc4 Kd7 25. Rg8 Bg6+ 26. Kd4
Ne7 27. Bb5+ Nc6+ 28. Kc4 Be5 29. b4 Be4 30. Rxg5 Bf6 31. Rg8 Kd6 32. Bxc6 Bxc6
33. b5 Bd5+ 34. Kd3 b6 35. Rc8 Bxa2 36. Rc6+ Kd7 37. Rc7+ Kd6 38. Rxa7 Bb1+ 39.
Kc4 Be4 40. Nxb6 1-0

[Event "4NCL Online Division 3"]
[Site "online"]
[Date "2020.06.09"]
[Round "10.143"]
[White "Jones, Ian Robert"]
[Black "Barron, Luke J"]
[Result "1-0"]
[WhiteElo "1944"]
[BlackElo "1927"]
[PlyCount "87"]
[EventDate "2020.06.09"]
[WhiteTeam "The Full Ponty"]
[BlackTeam "3 Smarties 1 Tube"]

1. e4 d6 2. d4 Nf6 3. Nc3 e5 4. Nf3 exd4 5. Nxd4 g6 6. Be3 Ng4 7. Bf4 Bg7 8. f3
Ne5 9. h4 Nbc6 10. Bg5 Bf6 11. Bxf6 Qxf6 12. Nd5 Qd8 13. Nb5 O-O 14. h5 Be6 15.
hxg6 hxg6 16. Qd2 g5 17. f4 Bxd5 18. exd5 Qe7 19. fxe5 Qxe5+ 20. Kd1 Ne7 21.
Rh5 f6 22. Bd3 Nf5 23. Bxf5 Qxf5 24. Qd3 Qg4+ 25. Qf3 Qc4 26. Qd3 Qg4+ 27. Qe2
Qf4 28. Qf3 Qc4 29. Qf5 Rf7 30. Qh3 Qxd5+ 31. Kc1 Rg7 32. Rh8+ Kf7 33. Qh5+ Ke7
34. Qe2+ Kd7 35. Rxa8 Re7 36. Qf1 Qe5 37. Nc3 Qe3+ 38. Kd1 Qd4+ 39. Qd3 Qg1+
40. Kd2 Qxa1 41. Qb5+ Ke6 42. Qd5+ Kd7 43. Qf5+ Re6 44. Qb5+ 1-0

[Event "4NCL Online Division 3"]
[Site "online"]
[Date "2020.06.09"]
[Round "10.144"]
[White "Eggl, Maximilian"]
[Black "Goldrick, Thomas G"]
[Result "1/2-1/2"]
[WhiteElo "1622"]
[BlackElo "1879"]
[PlyCount "96"]
[EventDate "2020.06.09"]
[WhiteTeam "3 Smarties 1 Tube"]
[BlackTeam "The Full Ponty"]

1. c4 c6 2. Nc3 d5 3. cxd5 cxd5 4. d4 Nc6 5. Nf3 Nf6 6. g3 Bf5 7. Bg2 e6 8. a3
Bd6 9. O-O h6 10. b4 O-O 11. e3 Rc8 12. Bb2 a6 13. Na4 b5 14. Nc5 Bxc5 15. dxc5
Re8 16. Ne5 a5 17. Nxc6 Rxc6 18. Bxf6 Qxf6 19. Qd4 Ra8 20. Qxf6 gxf6 21. Rfd1
Rca6 22. Rac1 axb4 23. axb4 Kf8 24. Bf1 Ra4 25. Bxb5 Rxb4 26. Bd7 Ke7 27. c6
Rb6 28. Ra1 Rba6 29. Rxa6 Rxa6 30. Rc1 Ra8 31. Kf1 Bd3+ 32. Ke1 Bc4 33. Rb1 e5
34. Rb7 Ba6 35. Rb4 Bc8 36. Rh4 Bxd7 37. cxd7 Rh8 38. Ke2 Kxd7 39. Kf3 f5 40.
g4 Ke6 41. g5 h5 42. Ra4 Rg8 43. Ra6+ Ke7 44. h4 Rg6 45. Ra7+ Ke6 46. Ra6+ Ke7
47. Ra7+ Ke6 48. Ra6+ Ke7 1/2-1/2

[Event "4NCL Online Division 3"]
[Site "online"]
[Date "2020.06.09"]
[Round "10.151"]
[White "Stubbs, Oliver"]
[Black "Homer, Stephen J"]
[Result "1-0"]
[WhiteElo "2050"]
[BlackElo "1988"]
[PlyCount "53"]
[EventDate "2020.06.09"]
[WhiteTeam "The Rook1Es"]
[BlackTeam "West is Best 2"]

1. d4 Nf6 2. Nf3 e6 3. Bf4 d5 4. e3 Bd6 5. Bg3 O-O 6. Nbd2 b6 7. Bd3 Bb7 8. Ne5
c5 9. c3 Nc6 10. Nxc6 Bxc6 11. Bxd6 Qxd6 12. O-O e5 13. dxe5 Qxe5 14. Nf3 Qe7
15. Qe2 Rad8 16. Rad1 Ne4 17. Bb5 Bb7 18. Rfe1 Rd6 19. Ba4 Rfd8 20. Bb3 Rf6 21.
c4 Ba6 22. Qc2 dxc4 23. Qxe4 Re6 24. Qh4 Rxd1 25. Rxd1 Qxh4 26. Nxh4 g5 27. Nf5
1-0

[Event "4NCL Online Division 3"]
[Site "online"]
[Date "2020.06.09"]
[Round "10.152"]
[White "Jukes, Sam"]
[Black "Walker, Max"]
[Result "0-1"]
[WhiteElo "1871"]
[BlackElo "1945"]
[PlyCount "42"]
[EventDate "2020.06.09"]
[WhiteTeam "West is Best 2"]
[BlackTeam "The Rook1Es"]

1. e4 Nc6 2. d4 e5 3. d5 Nce7 4. h4 f5 5. f3 Nf6 6. Bg5 d6 7. Nd2 c6 8. c4 fxe4
9. fxe4 Qb6 10. Ngf3 Ng4 11. Qe2 h6 12. Bxe7 Bxe7 13. Nb3 O-O 14. Qd2 cxd5 15.
cxd5 Bd7 16. Rc1 Rf4 17. Bd3 Bb5 18. Nbd4 Bxd3 19. Qxd3 exd4 20. O-O Ne3 21.
Rf2 Bxh4 0-1

[Event "4NCL Online Division 3"]
[Site "online"]
[Date "2020.06.09"]
[Round "10.153"]
[White "Gao, Ian"]
[Black "Hurley, Jake"]
[Result "1-0"]
[WhiteElo "1907"]
[BlackElo "1780"]
[PlyCount "107"]
[EventDate "2020.06.09"]
[WhiteTeam "The Rook1Es"]
[BlackTeam "West is Best 2"]

1. Nf3 d5 2. g3 Nc6 3. d4 Bf5 4. Bg2 e6 5. O-O Nb4 6. Na3 h6 7. c4 c6 8. Bd2
Nf6 9. Qa4 Na6 10. b4 Nd7 11. b5 Nb6 12. Qb3 Bxa3 13. bxa6 Nxc4 14. Ne5 Nxd2
15. Qxa3 Qc7 16. Rfc1 Rc8 17. Qb2 Ne4 18. axb7 Rb8 19. Rxc6 Qd8 20. Rac1 O-O
21. Rc8 Qxc8 22. Rxc8 Rbxc8 23. Nd7 Rb8 24. Bxe4 Bxe4 25. Nxb8 Rxb8 26. a4 e5
27. a5 a6 28. Qb6 exd4 29. Qc7 Rxb7 30. Qxb7 d3 31. exd3 Bxd3 32. Qxd5 Bb5 33.
Kg2 Kf8 34. Qd8+ Be8 35. Kf3 f6 36. Ke4 Kf7 37. Qd5+ Ke7 38. Qb7+ Kd6 39. Qxa6+
Bc6+ 40. Kd4 Kc7 41. Qc4 Kd6 42. a6 g5 43. a7 f5 44. Qxc6+ Kxc6 45. a8=Q+ Kd6
46. Qa6+ Ke7 47. Qxh6 f4 48. Ke5 fxg3 49. hxg3 g4 50. Qe6+ Kd8 51. Qf7 Kc8 52.
Kd6 Kb8 53. Kc6 Ka8 54. Qb7# 1-0

[Event "4NCL Online Division 3"]
[Site "online"]
[Date "2020.06.09"]
[Round "10.154"]
[White "Davis, Ashley J"]
[Black "Saunders, Aron"]
[Result "1-0"]
[WhiteElo "1852"]
[BlackElo "1847"]
[PlyCount "63"]
[EventDate "2020.06.09"]
[WhiteTeam "West is Best 2"]
[BlackTeam "The Rook1Es"]

1. d4 Nf6 2. g3 g6 3. Bg2 Bg7 4. Nf3 O-O 5. O-O d5 6. c4 c6 7. cxd5 cxd5 8. Nc3
Nc6 9. Ne5 Bf5 10. Nxc6 bxc6 11. Bf4 Qb6 12. Na4 Qb5 13. b3 Ne4 14. Rc1 Rac8
15. f3 Nd6 16. Qd2 a5 17. Rfe1 Qb4 18. Qxb4 axb4 19. e3 h5 20. Nb6 Nb5 21. Nxc8
Rxc8 22. Bf1 Nc3 23. a3 c5 24. axb4 cxb4 25. h3 Bxh3 26. Bxh3 Ne2+ 27. Rxe2
Rxc1+ 28. Kf2 Rb1 29. Rc2 Rxb3 30. Bf1 Rb1 31. Bd3 b3 32. Rc8+ 1-0

[Event "4NCL Online Division 3"]
[Site "online"]
[Date "2020.06.09"]
[Round "10.161"]
[White "Pleasants, Allan J"]
[Black "Mulay, Partha"]
[Result "0-1"]
[WhiteElo "2001"]
[BlackElo "2147"]
[PlyCount "56"]
[EventDate "2020.06.09"]
[WhiteTeam "Wessex Some Stars B"]
[BlackTeam "Warwick University B"]

1. Nf3 Nf6 2. g3 g6 3. Bg2 Bg7 4. O-O O-O 5. c4 d6 6. Nc3 e5 7. d4 Nbd7 8. h3
Re8 9. Be3 exd4 10. Bxd4 c5 11. Be3 Nb6 12. Nd2 Nh5 13. g4 Ng3 14. Re1 Rxe3 15.
fxe3 Be6 16. Qb3 h5 17. Nd5 hxg4 18. hxg4 Nxd5 19. cxd5 Bxg4 20. Nf3 Qe7 21.
Kf2 Ne4+ 22. Kg1 Bh6 23. Nh2 Bf5 24. Nf3 b5 25. Qxb5 Bxe3+ 26. Kh2 Bf4+ 27. Kg1
Be3+ 28. Kh2 Qf6 0-1

[Event "4NCL Online Division 3"]
[Site "online"]
[Date "2020.06.09"]
[Round "10.162"]
[White "Jina, Taran"]
[Black "Adaway, William"]
[Result "1-0"]
[WhiteElo "2132"]
[BlackElo "1857"]
[PlyCount "99"]
[EventDate "2020.06.09"]
[WhiteTeam "Warwick University B"]
[BlackTeam "Wessex Some Stars B"]

1. Nf3 Nf6 2. g3 b6 3. Bg2 Bb7 4. O-O e6 5. c4 c5 6. Nc3 Be7 7. d4 cxd4 8. Nxd4
Bxg2 9. Kxg2 O-O 10. e4 d6 11. Be3 Qc8 12. b3 Nc6 13. Rc1 Nxd4 14. Bxd4 Qb7 15.
f3 Rac8 16. Qe2 a6 17. Rfd1 Rfd8 18. Rc2 b5 19. cxb5 axb5 20. Rdc1 b4 21. Na4
d5 22. e5 Nd7 23. h4 h6 24. h5 g5 25. hxg6 fxg6 26. Nb2 Bg5 27. Rh1 Kg7 28. f4
Be7 29. Rhc1 Nb8 30. Nd3 Nc6 31. Bc5 Bxc5 32. Nxc5 Qe7 33. Qd2 Rf8 34. Nd3 Qb7
35. Nf2 d4 36. Qd3 Nxe5+ 37. Qe4 Qxe4+ 38. Nxe4 Rxc2+ 39. Rxc2 Ng4 40. Rd2 Ne3+
41. Kf3 Nf5 42. g4 Nh4+ 43. Kg3 g5 44. fxg5 Rf3+ 45. Kxh4 d3 46. gxh6+ Kxh6 47.
Nc5 e5 48. Nxd3 e4 49. Nxb4 e3 50. Re2 1-0

[Event "4NCL Online Division 3"]
[Site "online"]
[Date "2020.06.09"]
[Round "10.163"]
[White "Pentakota, Rajasekhar"]
[Black "Bott, Simeon"]
[Result "1-0"]
[WhiteElo "1858"]
[BlackElo "1937"]
[PlyCount "123"]
[EventDate "2020.06.09"]
[WhiteTeam "Wessex Some Stars B"]
[BlackTeam "Warwick University B"]

1. c4 e5 2. g3 Nf6 3. Nc3 d5 4. cxd5 Nxd5 5. Bg2 Nb6 6. Nf3 Nc6 7. d3 Be7 8.
O-O O-O 9. b3 Be6 10. Bb2 Nd5 11. Nxd5 Bxd5 12. e4 Be6 13. Nxe5 Nxe5 14. Bxe5
Bf6 15. Bxf6 Qxf6 16. Rc1 c6 17. Qe2 Qd4 18. Kh1 Rad8 19. Rfd1 a5 20. f4 f6 21.
Rd2 a4 22. bxa4 Ra8 23. f5 Bf7 24. Rb1 Rxa4 25. Rxb7 Rfa8 26. Rbb2 Qe5 27. Qf2
c5 28. Bf3 Ra3 29. Kg2 h6 30. d4 cxd4 31. Qxd4 Qxd4 32. Rxd4 Rxa2 33. Rdb4
Rxb2+ 34. Rxb2 Rd8 35. g4 Kf8 36. Kg3 Rd4 37. h4 Be8 38. g5 hxg5 39. hxg5 fxg5
40. Kg4 Bc6 41. Re2 g6 42. fxg6 Be8 43. Kxg5 Rd6 44. Bh5 Kg7 45. Ra2 Rd7 46.
Bg4 Re7 47. Bf5 Bc6 48. Rh2 Re5 49. Rh7+ Kg8 50. Kf6 Rxe4 51. Bxe4 Bxe4 52. Rc7
Bxg6 53. Kxg6 Kf8 54. Ra7 Ke8 55. Kf6 Kd8 56. Ke6 Kc8 57. Kd6 Kb8 58. Rh7 Kc8
59. Rg7 Kb8 60. Kc6 Ka8 61. Kb6 Kb8 62. Rg8# 1-0

[Event "4NCL Online Division 3"]
[Site "online"]
[Date "2020.06.09"]
[Round "10.164"]
[White "Fowler, Jonathan"]
[Black "Weatherlake, John P"]
[Result "1/2-1/2"]
[WhiteElo "1892"]
[BlackElo "1890"]
[PlyCount "124"]
[EventDate "2020.06.09"]
[WhiteTeam "Warwick University B"]
[BlackTeam "Wessex Some Stars B"]

1. e4 d6 2. d4 Nf6 3. Nc3 Nbd7 4. f4 e5 5. Nf3 exd4 6. Nxd4 g6 7. Bd3 Bg7 8.
Be3 O-O 9. O-O Nc5 10. h3 Ncxe4 11. Nxe4 Nxe4 12. Bxe4 Qe7 13. Qd3 Re8 14. Bxb7
Bxb7 15. Rae1 Be4 16. Qd2 c5 17. Nb5 Rad8 18. Nc3 Qb7 19. Nxe4 Rxe4 20. Bxc5
Rxe1 21. Rxe1 Qxb2 22. Qa5 Rc8 23. Bf2 Bd4 24. Re2 Qc1+ 25. Kh2 Qxf4+ 26. Bg3
Qc1 27. Qe1 Qxe1 28. Bxe1 Be5+ 29. Bg3 f6 30. Rd2 Rc6 31. c4 Kf7 32. Bxe5 fxe5
33. Rb2 Rc7 34. Rb4 Ke6 35. Kg3 Rf7 36. Ra4 e4 37. Ra3 Ke5 38. Ra5+ Kd4 39.
Rd5+ Ke3 40. Rxd6 Rc7 41. h4 Rxc4 42. Ra6 Rc3 43. Rxa7 Kd2+ 44. Kf4 e3 45. Rxh7
e2 46. Re7 e1=Q 47. Rxe1 Kxe1 48. g4 Kf2 49. Kg5 Kg3 50. h5 gxh5 51. gxh5 Rc5+
52. Kg6 Kf4 53. h6 Rg5+ 54. Kf6 Rf5+ 55. Kg7 Rg5+ 56. Kf6 Ra5 57. h7 Ra6+ 58.
Kg7 Ra7+ 59. Kg8 Ra8+ 60. Kg7 Ra7+ 61. Kg8 Ra8+ 62. Kg7 Ra7+ 1/2-1/2

[Event "4NCL Online Division 3"]
[Site "online"]
[Date "2020.04.14"]
[Round "2.11"]
[White "Porter, Sam J"]
[Black "Elwin, Adrian G"]
[Result "1-0"]
[WhiteElo "1975"]
[BlackElo "1982"]
[PlyCount "77"]
[EventDate "2020.04.14"]
[WhiteTeam "3 Smarties 1 Tube"]
[BlackTeam "MK Phoenix 2"]

1. d4 Nf6 2. c4 g6 3. Nc3 Bg7 4. e4 d6 5. f3 O-O 6. Be3 c6 7. Qd2 Nbd7 8. Nh3
e5 9. Be2 a6 10. a4 Re8 11. O-O Nf8 12. Nf2 h5 13. Rfd1 Qc7 14. a5 N6h7 15. Na4
Be6 16. d5 Bd7 17. dxc6 Bxc6 18. Bb6 Qe7 19. Qxd6 Qxd6 20. Rxd6 Ne6 21. Rdd1 f5
22. Nc3 Nhf8 23. b4 Nd4 24. Bf1 Nfe6 25. Nd5 Rf8 26. Rab1 Rae8 27. b5 Bd7 28.
bxa6 bxa6 29. c5 Ng5 30. Bxa6 Ngxf3+ 31. gxf3 Nxf3+ 32. Kh1 Bc6 33. Bc4 Kh7 34.
a6 Ng5 35. Re1 fxe4 36. Nxe4 Nf3 37. Rf1 Rf5 38. Rxf3 Rxf3 39. Ng5+ 1-0

[Event "4NCL Online Division 3"]
[Site "online"]
[Date "2020.04.14"]
[Round "2.12"]
[White "Whiteside, Robert"]
[Black "Hookham, Jamie"]
[Result "1-0"]
[WhiteElo "1792"]
[BlackElo "2029"]
[PlyCount "91"]
[EventDate "2020.04.14"]
[WhiteTeam "MK Phoenix 2"]
[BlackTeam "3 Smarties 1 Tube"]

1. e4 c5 2. Nf3 g6 3. Bc4 Nc6 4. O-O Bg7 5. c3 d6 6. h3 Nf6 7. Re1 O-O 8. d4
cxd4 9. cxd4 a6 10. Nc3 b5 11. Bd3 Nd7 12. Be3 Bb7 13. Qd2 Rc8 14. Bh6 Na5 15.
Bxg7 Kxg7 16. Rac1 Nc4 17. Qe2 Ndb6 18. b3 Na5 19. e5 Bxf3 20. Qxf3 d5 21. h4
e6 22. h5 Qg5 23. Ne2 Nd7 24. Nf4 Nc6 25. Qe3 Kg8 26. hxg6 hxg6 27. g3 Qe7 28.
Kg2 Nb4 29. Bb1 Kg7 30. a3 Nc6 31. Qd3 Qg5 32. Qe3 Qe7 33. Qd3 Qg5 34. Qe3 Qd8
35. Qd3 Ne7 36. g4 Qa5 37. Nh5+ Kg8 38. Nf6+ Nxf6 39. exf6 Rxc1 40. Rxc1 Qxa3
41. Rh1 Rc8 42. Qh3 Kf8 43. Qh8+ Ng8 44. Qg7+ Ke8 45. Qxg8+ Kd7 46. Qxf7+ 1-0

[Event "4NCL Online Division 3"]
[Site "online"]
[Date "2020.04.14"]
[Round "2.13"]
[White "Barron, Luke J"]
[Black "Edwards, Peter"]
[Result "1/2-1/2"]
[WhiteElo "1927"]
[BlackElo "1870"]
[PlyCount "144"]
[EventDate "2020.04.14"]
[WhiteTeam "3 Smarties 1 Tube"]
[BlackTeam "MK Phoenix 2"]

1. c4 c5 2. Nc3 Nc6 3. g3 g6 4. Bg2 Bg7 5. e4 e6 6. Nge2 Nge7 7. O-O O-O 8. d3
d6 9. Be3 Nd4 10. f4 Rb8 11. Bf2 a6 12. Nxd4 Bxd4 13. Bxd4 cxd4 14. Ne2 e5 15.
a4 b5 16. axb5 axb5 17. b3 Qb6 18. Qc2 Bg4 19. Ra2 bxc4 20. bxc4 Qb3 21. Bf3
Be6 22. Rfa1 Qxc2 23. Rxc2 Nc6 24. Rd2 Rb6 25. g4 Rfb8 26. f5 Bd7 27. f6 h6 28.
h4 g5 29. hxg5 hxg5 30. Ng3 Rb1+ 31. Rxb1 Rxb1+ 32. Kf2 Nb4 33. Nf5 Kh7 34. Ne7
Rc1 35. Bd1 Nc6 36. Ba4 Nxe7 37. Bxd7 Ng8 38. Bf5+ Kh6 39. Ra2 Nxf6 40. Ra6
Rc2+ 41. Kf3 Rc3 42. Rxd6 Kg7 43. Ke2 Rc2+ 44. Kd1 Ra2 45. c5 Ne8 46. Rd7 Nf6
47. Re7 Ra3 48. Kd2 Ra2+ 49. Kc1 Ra3 50. Rxe5 Rxd3 51. Kc2 Rc3+ 52. Kd2 Kf8 53.
Bc8 Ra3 54. c6 Rc3 55. Bd7 Rc4 56. Kd3 Rc1 57. Kxd4 Rd1+ 58. Ke3 Nxd7 59. cxd7
Rxd7 60. Rxg5 f6 61. Rh5 Kg7 62. Kf4 Kg6 63. Rh8 Rd1 64. Rg8+ Kf7 65. Ra8 Rf1+
66. Kg3 Kg6 67. Ra5 Re1 68. Kf3 Rf1+ 69. Kg2 Re1 70. Kf3 Rf1+ 71. Kg2 Re1 72.
Kf3 Rf1+ 1/2-1/2